KOHA-Header-6

جس دھج سے کوئی مقتل کو گیا (Record no. 13585)

000 -LEADER
fixed length control field 00374nam a22001217a 4500
082 ## - DEWEY DECIMAL CLASSIFICATION NUMBER
Classification number 891.4309
100 ## - MAIN ENTRY--AUTHOR NAME
Personal name تعارف و ترتیب احمد سلیم
245 ## - TITLE STATEMENT
Title جس دھج سے کوئی مقتل کو گیا
260 ## - PUBLICATION, DISTRIBUTION, ETC. (IMPRINT)
Place of publication کراچی
Name of publisher قائد عوام آرکائیوز
Year of publication ٢٠٠٦
300 ## - PHYSICAL DESCRIPTION
Number of Pages ٤٣٩ صفحات
650 ## - SUBJECT ADDED ENTRY--TOPICAL TERM
Topical Term Zulifqar Ali Bhutto, Pakistan
942 ## - ADDED ENTRY ELEMENTS (KOHA)
Koha item type Books
Holdings
Withdrawn status Lost status Collection code Permanent Location Current Location Shelving location Date acquired Full call number Accession Number Koha item type
    Urdu Literature MAJU MAJU Shelf No.A11 2022-12-16 891.4309 10702 Books

Powered by Koha